Detalles MARC
| 000 -LEADER |
| fixed length control field |
02359 am a2200553 a 4500 |
| 005 - FECHA ULTIMA MODIFICACION |
| control field |
20240215131141.0 |
| 008 - CAMPO DE CONTROL (LIBRO) |
| fixed length control field |
100806s2003||||ag a f |||| 001 0 spa d |
| 020 ## - INTERNATIONAL STANDARD BOOK NUMBER |
| ISBN |
9500613662 |
| 041 ## - CODIGO DE IDIOMA |
| Código de idioma del texto/pista de sonido o título separado |
spa |
| 092 ## - SIGNATURA TOPOGRAFICA DEWEY LOCAL |
| número de clasificación |
574.8 |
| libristica |
7 |
| sección |
BIO |
| 245 ## - TITULO PROPIAMENTE DICHO |
| Título |
Biología celular y molecular / |
| Mención de responsabilidad y remanente de la transcripción de la portada |
Harvey Lodish |
| 250 ## - MENCION DE EDICION |
| Mención de edición |
4a ed. 1a reimp. |
| Mención de responsabilidad relacionada con la ed. |
Traducción Karen Mikkelsen y Jorge Negrete. |
| 260 ## - PIE DE IMPRENTA |
| Lugar de publicación, distribución, etc |
Buenos Aires: |
| Nombre de la editorial, distribuidor, etc |
Editorial Médica Panamericana; |
| Fecha de publicación |
2003. |
| 300 ## - DESCRIPCION FISICA |
| Extension |
1084 p. |
| Material complementario |
CD Rom |
| 500 ## - NOTA GENERAL |
| Nota general |
Lodish, H. et al. (2003). Biología celular y molecular. (4a ed.). Buenos Aires : Editorial Médica Panamericana. |
| 653 ## - TÉRMINO INDIZADO - PALABRAS CLAVES |
| Palabra clave |
Célula dinámica |
| 653 ## - TÉRMINO INDIZADO - PALABRAS CLAVES |
| Palabra clave |
Fundamentos químicos |
| 653 ## - TÉRMINO INDIZADO - PALABRAS CLAVES |
| Palabra clave |
Estructura y función de las proteinas |
| 653 ## - TÉRMINO INDIZADO - PALABRAS CLAVES |
| Palabra clave |
Acidos nucleicos, códigos genéticos y síntesis de macromoléculas |
| 653 ## - TÉRMINO INDIZADO - PALABRAS CLAVES |
| Palabra clave |
Biomembranas y organizacion subcelular de las células eucariontes |
| 653 ## - TÉRMINO INDIZADO - PALABRAS CLAVES |
| Palabra clave |
Manipulación de células y virus en cultivos |
| 653 ## - TÉRMINO INDIZADO - PALABRAS CLAVES |
| Palabra clave |
DNA recombinante y genómico |
| 653 ## - TÉRMINO INDIZADO - PALABRAS CLAVES |
| Palabra clave |
Análisis genético en biología celular |
| 653 ## - TÉRMINO INDIZADO - PALABRAS CLAVES |
| Palabra clave |
Estructura molecular de genes y cromosomas |
| 653 ## - TÉRMINO INDIZADO - PALABRAS CLAVES |
| Palabra clave |
Regulación del inicio de la transcripción |
| 653 ## - TÉRMINO INDIZADO - PALABRAS CLAVES |
| Palabra clave |
Procesamiento del RNA, transporte nuclear y control postrancripcional |
| 653 ## - TÉRMINO INDIZADO - PALABRAS CLAVES |
| Palabra clave |
Replicación, reparación y recombinación del DNA |
| 653 ## - TÉRMINO INDIZADO - PALABRAS CLAVES |
| Palabra clave |
Regulación del ciclo celular eucarionte |
| 653 ## - TÉRMINO INDIZADO - PALABRAS CLAVES |
| Palabra clave |
Control génico en el desarrollo |
| 653 ## - TÉRMINO INDIZADO - PALABRAS CLAVES |
| Palabra clave |
Transporte a través de las membranas celulares |
| 653 ## - TÉRMINO INDIZADO - PALABRAS CLAVES |
| Palabra clave |
Energía celular: glucólisis, oxidación aeróbica y fotosíntesis |
| 653 ## - TÉRMINO INDIZADO - PALABRAS CLAVES |
| Palabra clave |
Clasificación de las proteínas: biogénesis de organelas y secreción de proteínas |
| 653 ## - TÉRMINO INDIZADO - PALABRAS CLAVES |
| Palabra clave |
Movilidad y forma de la célula I: microfilamentos |
| 653 ## - TÉRMINO INDIZADO - PALABRAS CLAVES |
| Palabra clave |
Movilidad y forma de la célula II: microtúbulos y filamentos intermedios |
| 653 ## - TÉRMINO INDIZADO - PALABRAS CLAVES |
| Palabra clave |
Señales intercelulares: hormonas y receptores |
| 653 ## - TÉRMINO INDIZADO - PALABRAS CLAVES |
| Palabra clave |
Células nerviosas |
| 653 ## - TÉRMINO INDIZADO - PALABRAS CLAVES |
| Palabra clave |
Integración de células en tejidos |
| 653 ## - TÉRMINO INDIZADO - PALABRAS CLAVES |
| Palabra clave |
Interacciones celulares en el desarrollo |
| 653 ## - TÉRMINO INDIZADO - PALABRAS CLAVES |
| Palabra clave |
Cáncer |
| 700 1# - ENTRADAS SECUNDARIAS - NOMBRE PERSONAL |
| Nombre personal |
Lodish, Harvey. |
| 9 (RLIN) |
841 |
| 700 1# - ENTRADAS SECUNDARIAS - NOMBRE PERSONAL |
| Nombre personal |
Berk, Arnold. |
| 9 (RLIN) |
842 |
| 700 1# - ENTRADAS SECUNDARIAS - NOMBRE PERSONAL |
| Nombre personal |
Zipursky, S. Lawrence. |
| 9 (RLIN) |
843 |
| 700 1# - ENTRADAS SECUNDARIAS - NOMBRE PERSONAL |
| Nombre personal |
Matsudaira, Paul. |
| 9 (RLIN) |
844 |
| 700 1# - ENTRADAS SECUNDARIAS - NOMBRE PERSONAL |
| Nombre personal |
Baltimor, David. |
| 9 (RLIN) |
845 |
| 700 1# - ENTRADAS SECUNDARIAS - NOMBRE PERSONAL |
| Nombre personal |
Darnell, James E. |
| 9 (RLIN) |
846 |
| 930 ## - NUMERO DE INVENTARIO |
| Número de inventario |
1113 |
| 930 ## - NUMERO DE INVENTARIO |
| Número de inventario |
1015 |
| 942 ## - ADDED ENTRY ELEMENTS (KOHA) |
| Source of classification or shelving scheme |
Dewey Decimal Classification |
| Item type |
Libros |